Loading...
| 1 | 10.00 | 0% | 100% | 0% | |
| Current Events | 1 | 10.00 | 100% | 0% | 0% |
| Fine Arts - Auditory Fine Arts | 4 | 22.50 | 100% | 75% | 50% |
| Fine Arts - Other Fine Arts | 3 | 16.67 | 100% | 33% | 33% |
| Fine Arts - Visual Fine Arts | 7 | 18.57 | 100% | 57% | 29% |
| Geography | 1 | 10.00 | 100% | 0% | 0% |
| History - American History | 3 | 13.33 | 100% | 33% | 0% |
| History - European History | 8 | 15.00 | 75% | 38% | 38% |
| History - Other History | 5 | 14.00 | 100% | 20% | 20% |
| History - World History | 4 | 15.00 | 100% | 50% | 0% |
| Literature - American Literature | 6 | 15.00 | 100% | 17% | 33% |
| Literature - British Literature | 3 | 13.33 | 100% | 33% | 0% |
| Literature - European Literature | 4 | 20.00 | 100% | 100% | 0% |
| Literature - World Literature | 4 | 15.00 | 100% | 25% | 25% |
| Mythology | 5 | 18.00 | 100% | 80% | 0% |
| Other Academic | 2 | 15.00 | 100% | 50% | 0% |
| Philosophy | 6 | 18.33 | 100% | 33% | 50% |
| Pop Culture | 4 | 20.00 | 100% | 50% | 50% |
| Religion | 4 | 15.00 | 100% | 50% | 0% |
| Science - Biology | 4 | 20.00 | 100% | 50% | 50% |
| Science - Chemistry | 5 | 16.00 | 100% | 20% | 40% |
| Science - Other Science | 5 | 26.00 | 80% | 100% | 80% |
| Science - Physics | 4 | 20.00 | 100% | 100% | 0% |
| Social Science | 5 | 12.00 | 100% | 0% | 20% |